[Event "Mauricie-ch"]
[Site "Trois Rivieres"]
[Date "2007.03.16"]
[Round "1"]
[White "Bourassa, Samuel"]
[Black "Caire, Francois"]
[Result "0-1"]
[WhiteElo "2004"]
[BlackElo "2217"]
[PlyCount "60"]
[EventDate "2007.03.16"]
[EventType "swiss"]
[EventRounds "5"]
[EventCountry "CAN"]
[SourceTitle "EXT 2022"]
[Source "ChessBase"]
[SourceDate "2021.10.06"]
[SourceVersion "1"]
[SourceVersionDate "2021.10.06"]
[SourceQuality "1"]

1. e4 c5 2. Nf3 Nc6 3. d4 cxd4 4. Nxd4 e6 5. Nc3 Qc7 6. Be3 a6 7. a4 Nf6 8. Bd3 Ne5 9. h3 Bc5 10. f4 Ng6 11. e5 Nxe5 12. 0-0 Nxd3 13. Qxd3 d5 14. Rae1 0-0 15. Nf3 Rd8 16. Ne2 Bxe3+ 17. Qxe3 Qxc2 18. Qb6 Bd7 19. Ned4 Qc8 20. Ne5 Qb8 21. a5 Qa7 22. Qb4 Rac8 23. Rc1 Bb5 24. Rfd1 Be2 25. Rxc8 Rxc8 26. Qe7 Bxd1 27. Qxf7+ Kh8 28. Qxe6 Qxd4+ 29. Kh1 Rf8 30. Qd6 Re8 0-1

[Event "Quebec Carnaval"]
[Site "Quebec"]
[Date "2007.02.24"]
[Round "2"]
[White "Lawson, Eric"]
[Black "Bourassa, Samuel"]
[Result "1-0"]
[WhiteElo "2399"]
[BlackElo "2029"]
[PlyCount "71"]
[EventDate "2007.02.23"]
[EventType "swiss"]
[EventRounds "5"]
[EventCountry "CAN"]
[SourceTitle "EXT 2022"]
[Source "ChessBase"]
[SourceDate "2021.10.06"]
[SourceVersion "1"]
[SourceVersionDate "2021.10.06"]
[SourceQuality "1"]

1. d4 Nf6 2. Bg5 d5 3. Bxf6 exf6 4. e3 Bf5 5. Nd2 Bd6 6. Ne2 Nd7 7. a3 Rc8 8. c4 c6 9. cxd5 cxd5 10. Nc3 Be6 11. g3 f5 12. Bg2 Nf6 13. Qa4+ Qd7 14. Qxa7 0-0 15. Qb6 Rfd8 16. 0-0 g5 17. f4 h6 18. Nf3 Ne4 19. Nxe4 fxe4 20. Ne5 Qc7 21. Qxc7 Rxc7 22. f5 Bd7 23. Nxd7 Rdxd7 24. Rac1 Rxc1 25. Rxc1 Rc7 26. Rxc7 Bxc7 27. Bf1 Kf8 28. f6 Bd8 29. Bh3 Bxf6 30. Bc8 Ke7 31. Bxb7 Kd6 32. g4 Bd8 33. b4 Ke6 34. Kf2 Be7 35. Ke2 Bd6 36. h3 1-0

[Event "Quebec Montcalm op"]
[Site "Quebec"]
[Date "2007.01.06"]
[Round "2"]
[White "Bourassa, Samuel"]
[Black "Caron, Sebastien"]
[Result "1-0"]
[WhiteElo "1825"]
[BlackElo "1917"]
[PlyCount "60"]
[EventDate "2007.01.05"]
[EventType "swiss"]
[EventRounds "5"]
[EventCountry "CAN"]
[SourceTitle "EXT 2022"]
[Source "ChessBase"]
[SourceDate "2021.10.06"]
[SourceVersion "1"]
[SourceVersionDate "2021.10.06"]
[SourceQuality "1"]

1. e4 c5 2. Nf3 d6 3. d4 cxd4 4. Nxd4 Nf6 5. Nc3 a6 6. a4 e6 7. Be3 Qc7 8. Be2 Nbd7 9. f4 b6 10. 0-0 Bb7 11. Bf3 Be7 12. Qe2 0-0 13. g4 Rac8 14. g5 Ne8 15. Bg2 g6 16. f5 exf5 17. exf5 Ne5 18. f6 Bd8 19. Bh3 Ra8 20. Rf4 Qc4 21. Qf2 Nc6 22. Ne6 Qxf4 23. Nxf4 Ne5 24. Ncd5 Nc7 25. Bg2 Ng4 26. Qh4 Nxe3 27. Nxe3 Bxg2 28. Nexg2 Kh8 29. Ra3 h5 30. Nxh5 Rg8 1-0

[Event "Quebec Festival"]
[Site "Quebec"]
[Date "2006.06.26"]
[Round "2"]
[White "Poliquin, Yvone"]
[Black "Bourassa, Samuel"]
[Result "0-1"]
[WhiteElo "1884"]
[BlackElo "1677"]
[PlyCount "48"]
[EventDate "2006.06.19"]
[EventType "swiss"]
[EventRounds "5"]
[EventCountry "CAN"]
[SourceTitle "EXT 2009"]
[Source "ChessBase"]
[SourceDate "2008.11.26"]
[SourceVersion "1"]
[SourceVersionDate "2008.11.26"]
[SourceQuality "1"]

1. e4 c5 2. Nf3 d6 3. d4 cxd4 4. Nxd4 Nf6 5. Nc3 a6 6. Bg5 e6 7. Qd3 Be7 8. 0-0-0 Nbd7 9. f4 Qc7 10. Qg3 Nc5 11. Bxf6 Bxf6 12. Kb1 Bd7 13. Be2 0-0 14. Qf2 b5 15. a3 Rab8 16. g4 Qa5 17. g5 b4 18. Nb3 Nxb3 19. gxf6 bxc3 20. Qg3 Nd2+ 21. Rxd2 Rxb2+ 22. Kc1 Rb1+ 23. Kxb1 Rb8+ 24. Bb5 Qxb5+ 0-1

[Event "Quebec Montcalm-ch U1800"]
[Site "Quebec"]
[Date "2006.01.07"]
[Round "3"]
[White "Bernatchez, Dan"]
[Black "Bourassa, Samuel"]
[Result "1/2-1/2"]
[WhiteElo "1743"]
[BlackElo "1747"]
[PlyCount "42"]
[EventDate "2006.01.06"]
[EventType "swiss"]
[EventRounds "5"]
[EventCountry "CAN"]
[SourceTitle "EXT 2007"]
[Source "ChessBase"]
[SourceDate "2006.11.23"]
[SourceVersion "1"]
[SourceVersionDate "2006.11.23"]
[SourceQuality "1"]

1. e4 c5 2. Nf3 Nc6 3. d4 cxd4 4. Nxd4 Nf6 5. Nc3 e5 6. Ndb5 d6 7. Bg5 a6 8. Na3 b5 9. Nd5 Be7 10. Bxf6 gxf6 11. Qh5 Be6 12. c3 Qa5 13. Nc2 Rc8 14. Bd3 Kd7 15. a3 Rcg8 16. Nce3 Rg5 17. Qf3 Rg6 18. Rd1 Nd4 19. Qh5 Rg5 20. Qh6 Rg6 21. Qh5 Rg5 1/2-1/2

[Event "Quebec Montcalm-ch U1800"]
[Site "Quebec"]
[Date "2006.01.07"]
[Round "2"]
[White "Bourassa, Samuel"]
[Black "Boutin, Jean Roger"]
[Result "1-0"]
[WhiteElo "1747"]
[BlackElo "1626"]
[PlyCount "61"]
[EventDate "2006.01.06"]
[EventType "swiss"]
[EventRounds "5"]
[EventCountry "CAN"]
[SourceTitle "EXT 2007"]
[Source "ChessBase"]
[SourceDate "2006.11.23"]
[SourceVersion "1"]
[SourceVersionDate "2006.11.23"]
[SourceQuality "1"]

1. e4 e5 2. Nf3 Nc6 3. d4 exd4 4. Nxd4 h6 5. Be3 d6 6. Nc3 Nf6 7. Be2 Be7 8. Qd2 Bd7 9. 0-0-0 a6 10. f3 b5 11. Nd5 Nxd5 12. exd5 Ne5 13. h3 g5 14. Rhf1 Ng6 15. Kb1 Nh4 16. f4 Nxg2 17. Bh5 Nxe3 18. Qxe3 0-0 19. fxg5 Bxg5 20. Qe4 Bxh3 21. Rf2 Qe7 22. Qf3 Bd7 23. Nf5 Bxf5 24. Qxf5 Rae8 25. a3 Qe5 26. Bxf7+ Kg7 27. Qg6+ Kh8 28. Rf5 Qe2 29. Rg1 Re7 30. Rfxg5 Rfxf7 31. Qg8# 1-0

[Event "Sherbrooke-opB"]
[Site "Sherbrooke"]
[Date "2005.05.28"]
[Round "4"]
[White "Bourassa, Samuel"]
[Black "Pilotte, Benoit"]
[Result "0-1"]
[WhiteElo "1706"]
[BlackElo "1715"]
[PlyCount "41"]
[EventDate "2005.05.27"]
[EventType "swiss"]
[EventRounds "5"]
[EventCountry "CAN"]
[SourceTitle "CBM 106 Extra"]
[Source "ChessBase"]
[SourceDate "2005.07.01"]
[SourceVersion "1"]
[SourceVersionDate "2005.07.01"]
[SourceQuality "1"]

1. e4 d6 2. d4 Nf6 3. Nc3 g6 4. f3 Bg7 5. Be3 0-0 6. Qd2 c6 7. h4 b5 8. Bd3 Nbd7 9. g4 h5 10. g5 Ne8 11. f4 b4 12. Nce2 c5 13. c3 bxc3 14. bxc3 cxd4 15. cxd4 Nc5 16. f5 Nxd3+ 17. Qxd3 gxf5 18. g6 fxe4 19. Qxe4 d5 20. Qf4 Bg4 21. Nf3 0-1

[Event "Sherbrooke-opB"]
[Site "Sherbrooke"]
[Date "2005.05.28"]
[Round "3"]
[White "Germain, Benoit"]
[Black "Bourassa, Samuel"]
[Result "0-1"]
[WhiteElo "1756"]
[BlackElo "1706"]
[PlyCount "91"]
[EventDate "2005.05.27"]
[EventType "swiss"]
[EventRounds "5"]
[EventCountry "CAN"]
[SourceTitle "CBM 106 Extra"]
[Source "ChessBase"]
[SourceDate "2005.07.01"]
[SourceVersion "1"]
[SourceVersionDate "2005.07.01"]
[SourceQuality "1"]

1. e4 g6 2. d4 Bg7 3. Nf3 d6 4. Bc4 Nf6 5. Nc3 0-0 6. 0-0 Bg4 7. Be3 Nc6 8. h3 Bxf3 9. Qxf3 e5 10. d5 Ne7 11. Qd1 Nd7 12. f4 f5 13. Qe1 h6 14. Rd1 exf4 15. Bxf4 g5 16. Be3 f4 17. Bc1 Ng6 18. Be2 Re8 19. Bh5 Kh7 20. Qe2 Re7 21. Bg4 Qe8 22. Bf5 Kh8 23. Qh5 Nh4 24. Qxe8+ Raxe8 25. Bg4 Nc5 26. Bf3 Bxc3 27. bxc3 Nxe4 28. Bg4 Ng3 29. Be6 Nxf1 30. Rxf1 Rxe6 31. dxe6 Rxe6 32. Kf2 Nf5 33. Bd2 Kg7 34. Rb1 b6 35. Kf3 d5 36. Rd1 c5 37. Bc1 Ne3 38. Re1 Kf6 39. Bxe3 Rxe3+ 40. Rxe3 fxe3 41. Kxe3 h5 42. g3 Ke5 43. a4 g4 44. h4 c4 45. Kf2 Ke4 46. Ke2 0-1

[Event "Quebec Montcalm op 2nd"]
[Site "Quebec"]
[Date "2005.??.??"]
[Round "5"]
[White "Bourassa, Samuel"]
[Black "Fillion, Nicolas"]
[Result "1-0"]
[WhiteElo "1697"]
[BlackElo "1637"]
[PlyCount "21"]
[EventDate "2005.11.10"]
[EventType "swiss"]
[EventRounds "5"]
[EventCountry "CAN"]
[SourceTitle "EXT 2007"]
[Source "ChessBase"]
[SourceDate "2006.11.23"]
[SourceVersion "1"]
[SourceVersionDate "2006.11.23"]
[SourceQuality "1"]

1. e4 e5 2. Nf3 Nc6 3. d4 exd4 4. Nxd4 Nf6 5. Bc4 Nxe4 6. Bxf7+ Kxf7 7. Qh5+ g6 8. Qd5+ Kg7 9. Nxc6 Nf6 10. Bh6+ Kxh6 11. Qd2+ 1-0

[Event "Quebec Montcalm op 6th"]
[Site "Quebec"]
[Date "2005.??.??"]
[Round "5"]
[White "Bourassa, Samuel"]
[Black "Gaudreau, Eric"]
[Result "1-0"]
[WhiteElo "1600"]
[BlackElo "1580"]
[PlyCount "73"]
[EventDate "2005.??.??"]
[EventType "swiss"]
[EventRounds "5"]
[EventCountry "CAN"]
[SourceTitle "EXT 2007"]
[Source "ChessBase"]
[SourceDate "2006.11.23"]
[SourceVersion "1"]
[SourceVersionDate "2006.11.23"]
[SourceQuality "1"]

1. e4 e6 2. d4 d5 3. exd5 exd5 4. Bd3 Nc6 5. c3 Bd6 6. Nf3 Nge7 7. 0-0 0-0 8. Ne5 Bf5 9. f4 h6 10. Nf3 Bxd3 11. Qxd3 Qd7 12. Nbd2 Qf5 13. Ne5 Qxd3 14. Nxd3 Rfe8 15. Nf3 Nf5 16. Nfe5 f6 17. Nxc6 bxc6 18. Kf2 Re4 19. g4 Ne7 20. Bd2 Ng6 21. Kg3 Rae8 22. h4 Re2 23. Rae1 Kf7 24. h5 Nf8 25. Ne5+ Bxe5 26. Rxe2 Bxf4+ 27. Kf3 Bd6 28. Rxe8 Kxe8 29. Bf4 Nd7 30. Rd1 Nb6 31. b3 Nc8 32. c4 Bxf4 33. Kxf4 Ne7 34. c5 Kd7 35. b4 a6 36. a4 Kd8 37. Rb1 1-0

[Event "Charlesbourg Millenium op"]
[Site "Charlesbourg"]
[Date "2004.11.29"]
[Round "2"]
[White "Gago, Nelson"]
[Black "Bourassa, Samuel"]
[Result "0-1"]
[WhiteElo "1852"]
[BlackElo "1587"]
[PlyCount "85"]
[EventDate "2004.11.22"]
[EventType "swiss"]
[EventRounds "5"]
[EventCountry "CAN"]
[SourceTitle "EXT 2006"]
[Source "ChessBase"]
[SourceDate "2005.11.24"]
[SourceVersion "1"]
[SourceVersionDate "2005.11.24"]
[SourceQuality "1"]

1. c4 g6 2. g3 Bg7 3. Bg2 Nf6 4. Nc3 0-0 5. Nf3 Re8 6. 0-0 e5 7. d3 c6 8. Bg5 a5 9. Qd2 Na6 10. Ne4 Nc7 11. c5 Ne6 12. Nd6 Nxg5 13. Nxg5 Re7 14. f4 exf4 15. Qxf4 h6 16. Nge4 Nxe4 17. Bxe4 f5 18. Bf3 b6 19. d4 bxc5 20. dxc5 Bxb2 21. Rad1 Qf8 22. Qc4+ Kh7 23. e4 Ba6 24. Qc2 Bxf1 25. Qxb2 Bh3 26. exf5 Bxf5 27. Qd4 Be6 28. Be4 Bxa2 29. Rf1 Qg7 30. Rf6 Rxe4 31. Nxe4 Bd5 32. Qf2 Rb8 33. Nc3 Be6 34. h4 Bf5 35. Qd4 Rf8 36. Rd6 Qxd4+ 37. Rxd4 Kg7 38. Ne2 Ra8 39. h5 gxh5 40. Nf4 Bg4 41. Rd6 a4 42. Nd3 a3 43. Ne5 0-1

[Event "Charlesbourg Alekhine op"]
[Site "Charlesbourg"]
[Date "2004.??.??"]
[Round "?"]
[White "Bourassa, Samuel"]
[Black "Champetier, Serge"]
[Result "0-1"]
[WhiteElo "1571"]
[BlackElo "1973"]
[PlyCount "60"]
[EventDate "2004.09.06"]
[EventType "swiss"]
[EventRounds "5"]
[EventCountry "CAN"]
[SourceTitle "EXT 2006"]
[Source "ChessBase"]
[SourceDate "2005.11.24"]
[SourceVersion "1"]
[SourceVersionDate "2005.11.24"]
[SourceQuality "1"]

1. e4 d6 2. d4 Nf6 3. Nc3 g6 4. f4 Bg7 5. Nf3 0-0 6. Be3 b6 7. Qd2 Bb7 8. Bd3 c5 9. d5 Nbd7 10. h3 a6 11. a4 Qc7 12. Bc4 b5 13. axb5 axb5 14. Rxa8 Rxa8 15. Nxb5 Qb6 16. 0-0 Nxe4 17. Qd3 Ng3 18. Rb1 Nf5 19. Bd2 Nf6 20. Bc3 Nxd5 21. Bxg7 Nb4 22. Qd2 Kxg7 23. Kh2 d5 24. Be2 e6 25. c3 Nc6 26. g4 Nfe7 27. Ne5 Rd8 28. b4 cxb4 29. Nxc6 Qf2+ 30. Kh1 d4 0-1

[Event "Charlesbourg olymp2"]
[Site "Charlesbourg"]
[Date "2004.??.??"]
[Round "?"]
[White "Bourassa, Samuel"]
[Black "Koenig, Pierre"]
[Result "1-0"]
[WhiteElo "1593"]
[BlackElo "1578"]
[PlyCount "65"]
[EventDate "2004.10.11"]
[EventType "tourn"]
[EventRounds "6"]
[EventCountry "CAN"]
[SourceTitle "EXT 2006"]
[Source "ChessBase"]
[SourceDate "2005.11.24"]
[SourceVersion "1"]
[SourceVersionDate "2005.11.24"]
[SourceQuality "1"]

1. e4 c5 2. Nc3 d6 3. g3 g6 4. f4 Bg7 5. Bg2 Nc6 6. Nge2 Nf6 7. 0-0 Bg4 8. h3 Bd7 9. d4 cxd4 10. Nxd4 0-0 11. Be3 Nh5 12. Kh2 e5 13. Nxc6 Bxc6 14. f5 Nf6 15. g4 Qc7 16. g5 Nh5 17. f6 Bh8 18. Qe2 Rfe8 19. Rad1 Rad8 20. Nd5 Bxd5 21. Rxd5 Kf8 22. h4 h6 23. Bh3 Nf4 24. Bxf4 exf4 25. Rxf4 hxg5 26. hxg5 Qc6 27. Qd3 Kg8 28. Rf2 Qc7 29. Rd2 Re5 30. Rxe5 dxe5 31. Qxd8+ Qxd8 32. Rxd8+ Kh7 33. Rd7 1-0